The Lazy People's Quiz Stats

 Plays Quiz Updated Jan 2, 2019

     
Support Sporcle.
Go Orange.
Score 0/20 Timer 03:00
1 Play Today
% Correct
Escalators
95.1%
Air Hockey
94.8%
Takeaway Food
94.8%
Clickable Quizzes
94.5%
Tanning Booths
93.8%
Darts
93.3%
Motorcycling
92.9%
Jogging
92.7%
Winking
91.4%
Sailing
91.3%
% Correct
Humming
90.2%
Using Emojis
90.2%
Nudging
89.8%
Swaying
89.4%
Slippers
88.4%
Tinder
88%
Velcro
84.4%
Facebook
83.5%
Nodding
77.5%
Guitar Hero
74.7%

From the Vault

1970s Celebrity Field Guide

by beisaa

Who says you need a time machine to go back in time?
Remove Ads.
Support Sporcle.
Get the best of Sporcle when you Go Orange. This ad-free experience offers more features, more stats, and more fun while also helping to support Sporcle. Thank you for becoming a member.

Show Comments

Extras

Top Quizzes Today


Score Distribution

Your Account Isn't Verified!

In order to create a playlist on Sporcle, you need to verify the email address you used during registration. Go to your Sporcle Settings to finish the process.

Report this User

Report this user for behavior that violates our Community Guidelines.

Details: